Обеспечение конституционных прав и свобод участников уголовного судопроизводства Материалы круглого стола (19 декабря 2017 г.)
Издание посвящено актуальным вопросам обеспечения конституционных прав и свобод участников уголовного судопроизводства. В сборник вошли статьи посвященные наиболее проблемным вопросы современного уголовного процесса. В статьях участников круглого стола обозначены направления оптимизации системы гара...
Сохранить в:
| Format: | Сборник |
|---|---|
| Online adgang: | https://znanium.com/catalog/document?id=364941 https://znanium.com/cover/1194/1194089.jpg |
| Tags: |
Tilføj Tag
Ingen Tags, Vær først til at tagge denne postø!
|
| LEADER | 03105nam0a2200289 i 4500 | ||
|---|---|---|---|
| 001 | RU\infra-m\znanium\bibl\1194089 | ||
| 003 | https://znanium.com/catalog/document?id=364941 | ||
| 005 | 20240530000000.0 | ||
| 010 | |a 978-5-93916-676-8 | ||
| 100 | |a 20240530d2020 m y0rusy0150 ca | ||
| 101 | 0 | |a rus | |
| 102 | |a RU | ||
| 200 | 1 | |a Обеспечение конституционных прав и свобод участников уголовного судопроизводства |e Материалы круглого стола (19 декабря 2017 г.) |e Сборник |f Российский государственный университет правосудия, Западно-Сибирский ф-л |g Российский государственный университет правосудия г. Москва им. В.М. Лебедева | |
| 210 | 1 | |a Москва |c Российский государственный университет правосудия |d 2018 | |
| 215 | |a 264 с. | ||
| 330 | |a Издание посвящено актуальным вопросам обеспечения конституционных прав и свобод участников уголовного судопроизводства. В сборник вошли статьи посвященные наиболее проблемным вопросы современного уголовного процесса. В статьях участников круглого стола обозначены направления оптимизации системы гарантий прав различных участников уголовного судопроизводства. Рекомендуется профессиональным участникам уголовного судопроизводства может быть полезным преподавателям аспирантам студентам юридических вузов. Информационная поддержка СПС «КонсультантПлюс». | ||
| 333 | |a ВО - Магистратура | ||
| 606 | |a Право. Юридические науки |x Уголовно-процессуальное право |2 local | ||
| 608 | |a Сборник |2 local | ||
| 675 | |a 343 |z rus | ||
| 686 | |a 67411 |2 rubbk | ||
| 686 | |a 40.04.01 |2 okso | ||
| 702 | 1 | |a Ершов |b В.В. |g Валентин Валентинович |p Российский государственный университет правосудия, Западно-Сибирский ф-л |r Отв. ред. | |
| 712 | 0 | 2 | |a Российский государственный университет правосудия г. Москва им. В.М. Лебедева |
| 801 | 0 | |a RU |b Общество с ограниченной ответственностью «ЗНАНИУМ» |c 20200914 |2 rusmarc | |
| 856 | 4 | |a znanium.com |m ebs_support@infra-m.ru |n НИЦ ИНФРА-М |u https://znanium.com/catalog/document?id=364941 | |
| 856 | 4 | 1 | |a znanium.com |d /cover/1194 |f 1194089.jpg |q image/jpeg |u https://znanium.com/cover/1194/1194089.jpg |